Country Word Mine II Quiz Stats

 Plays Quiz Updated Jan 28, 2018

Also try: Country Word Mine
Challenge
Share
Tweet
Embed
Score 0/30 Timer 08:00
2 Plays Today
Clue Answer % Correct
Not deceasedAlive
89.8%
Where you would bake a cakeOven
84.4%
Its branch is a sign of peaceOlive
83%
Walkway in a supermarket or churchAisle
80.2%
Middle voice of the violin family,
between a violin and a cello
Viola
73.7%
CompanionlessAlone
73%
Austin Powers' Doctor foeEvil
67.6%
Place to get a 'doSalon
63.7%
Indentured workerSlave
62.9%
Variety of orange that features a 'belly button'Navel
61.8%
Shape of an Australian Rules Football playing fieldOval
61.2%
'The Kite Runner', 'Christine' and 'Oliver Twist' are theseNovels
59%
Soothing ointmentSalve or Aloe
56.2%
You'll adore rebounder Kevin or golfer DavisLove
54.6%
Sigourney Weaver, Bill Paxton sci-fi thrillerAliens
53.7%
Clue Answer % Correct
SpongeBob SquarePants' pet is this type of molluscSnail
50.9%
Bone companion to stirrup and hammerAnvil
47.1%
Figure outSolve
46.9%
Uninformed; without worldly experienceNaive
45.6%
First name of the singer with the most US top 40 hitsElvis
42.7%
Body parts that may be girded or produce 'fruit'Loins
37.2%
Former Bears coach SmithLovie
36.7%
The Mystery Country, whose name contains all of the letters for every answer in this quizSlovenia
34.4%
Legal claim or hold on property e.g. by a BuilderLien
32.5%
This herb flavours ouzo, sambuca and J├ĄgermeisterAnise
30.5%
Its capital is VientianeLaos
26.1%
Small overnight bagValise
10.4%
To run at the nose; to complainSnivel
10.4%
Something the Grinch can't stand at Who ChristmasNoise
9.7%
Code for the planned 1940 invasion of Britain (English)Sea Lion
6.2%

You're not logged in!

Compare scores with friends on all Sporcle quizzes.
Join for Free
OR
Log In

You Might Also Like...

Show Comments

Extras

Top Quizzes Today


Score Distribution

Your Account Isn't Verified!

In order to create a playlist on Sporcle, you need to verify the email address you used during registration. Go to your Sporcle Settings to finish the process.

Report this User

Report this user for behavior that violates our Community Guidelines.

Details: